Χρηματοοικονομική Διοίκηση / Νέα Έκδοση Βελτιωμένη & Επαυξημένη (Record no. 5065)
[ view plain ]
| 000 -LEADER | |
|---|---|
| fixed length control field | 02469cam a22002054a 4500 |
| 005 - ΗΜΕΡΟΜΗΝΙΑ ΚΑΙ ΩΡΑ ΤΕΛΕΥΤΑΙΑΣ ΕΝΗΜΕΡΩΣΗΣ | |
| Πεδίο ελέγχου | 20250605164203.0 |
| 008 - FIXED-LENGTH DATA ELEMENTS--GENERAL INFORMATION | |
| Πεδίο ελέγχου σταθερού μήκους | 250528s ||||||||||||||||||||||||d |
| 035 ## - SYSTEM CONTROL NUMBER | |
| System control number | 19818 |
| 020 ## - ISBN | |
| ISBN | 9602550910 |
| 040 ## - ΠΗΓΗ ΚΑΤΑΛΟΓΟΓΡΑΦΗΣΗΣ | |
| Φορέας πρωτότυπης καταλογογράφησης | MC Athens Campus Library |
| Γλώσσα καταλογογράφησης | Ελληνικά, Μοντέρνα (1453-) |
| Modifying agency | MC Athens Campus Library |
| Κανόνες περιγραφικής καταλογογράφησης | AACR2 |
| 245 1# - ΤΙΤΛΟΣ ΚΑΙ ΔΗΛΩΣΗ ΥΠΕΥΘΥΝΟΤΗΤΑΣ | |
| Τίτλος | Χρηματοοικονομική Διοίκηση / Νέα Έκδοση Βελτιωμένη & Επαυξημένη |
| 260 ## - PUBLICATION, DISTRIBUTION, ETC. | |
| Name of publisher, distributor, etc. | Το Οικονομικο, |
| Date of publication, distribution, etc. | 1998 |
| 300 ## - PHYSICAL DESCRIPTION | |
| Extent | 230 |
| 505 0# - FORMATTED CONTENTS NOTE | |
| Formatted contents note | Πρόλογος, Γενική Επισκόπηση της Χρηματοδοτικής Διοικήσεως, Κατηγορίες και Κόστος Κεφαλαίου, Καθορισμός της Χρηματοδοτικής Διαρθρώσεως, Πολιτική του Μερίσματος που Διανέμεται, Προγραμματισμός Επενδύσεων Κεφαλαίου (Capital Budgeting) με Καθεστώς Βεβαιότητας, Πρόκριση Επενδύσεων υπό Καθεστώς Κινδύνου, Περιορισμοί στο Κεφάλαιο, Τα Χρηματοοικονομικά Χαρακτηριστικά της Ελληνικής Μεταποιητικής Βιομηχανίας, Ανάλυση Χαρτοφυλακίου, Το Κόστος Κεφαλαίου στα Πλαίσια του Διαφοροποιημένου Χαρτοφυλακίου, Πίνακας Αναγωγής. |
| 520 ## - SUMMARY, ETC. | |
| Summary, etc. | Πρόλογος, Γενική Επισκόπηση της Χρηματοδοτικής Διοικήσεως, Κατηγορίες και Κόστος Κεφαλαίου, Καθορισμός της Χρηματοδοτικής Διαρθρώσεως, Πολιτική του Μερίσματος που Διανέμεται, Προγραμματισμός Επενδύσεων Κεφαλαίου (Capital Budgeting) με Καθεστώς Βεβαιότητας, Πρόκριση Επενδύσεων υπό Καθεστώς Κινδύνου, Περιορισμοί στο Κεφάλαιο, Τα Χρηματοοικονομικά Χαρακτηριστικά της Ελληνικής Μεταποιητικής Βιομηχανίας, Ανάλυση Χαρτοφυλακίου, Το Κόστος Κεφαλαίου στα Πλαίσια του Διαφοροποιημένου Χαρτοφυλακίου, Πίνακας Αναγωγής. |
| 700 1# - ΠΡΟΣΘΕΤΗ ΑΝΑΓΡΑΦΗ--ΦΥΣΙΚΟ ΠΡΟΣΩΠΟ | |
| Personal name | Τζωάννου Ιωάννης Γ |
| 9 (RLIN) | 5995 |
| 942 ## - ADDED ENTRY ELEMENTS (KOHA) | |
| Koha item type | Books |
| Τύπος τεκμηρίου | Βιβλιοθήκη | Τρέχουσα τοποθεσία | Barcode | Αριθμός εισαγωγής | Ημερομηνία απόκτησης | Ταξιθετικό σύμβολο | Αριθμός αντιτύπου | Κατάσταση απόσυρσης | Κατάσταση χαμένου | Κατάσταση κατεστραμμένου | Μη δανεισμός | Σύνολο δανεισμών | Ημερομηνία τελευταίας εμφάνισης | Η τιμή ισχύει από |
|---|---|---|---|---|---|---|---|---|---|---|---|---|---|---|
| Books | MC Athens Campus Library | MC Athens Campus Library | 9780000050649 | 5916 | 05/06/2025 | 658.15 GOA | 1 | 05/06/2025 | 05/06/2025 |